[Event "RA Fall op"]
[Site "Ottawa CAN"]
[Date "2016.09.23"]
[Round "4"]
[White "Valdizon, Armando"]
[Black "Doubleday, William"]
[Result "1-0"]
[WhiteElo "2102"]
[BlackElo "2028"]
[PlyCount "69"]
[EventDate "2016.09.21"]
[EventType "swiss"]
[EventRounds "5"]
[EventCountry "CAN"]

1. d4 d5 2. c4 e6 3. Nf3 Nf6 4. g3 c6 5. Bg2 Be7 6. O-O O-O 7. Qc2 b6 8. Rd1
Bb7 9. Nc3 Nbd7 10. e4 dxe4 11. Nxe4 Nxe4 12. Qxe4 Rc8 13. Bf4 Nf6 14. Qe2 Bd6
15. Ne5 Qe7 16. Bg5 Rfd8 17. Ng4 h5 18. Nxf6+ gxf6 19. Bh6 Qe8 20. Qxh5 Bf8 21.
g4 Bg7 22. Rd3 Qf8 23. g5 f5 24. Rad1 Rd7 25. Rg3 Rcd8 26. g6 f6 27. Bf4 Qe8
28. Re1 Kf8 29. Qh7 Rxd4 30. Bh6 R8d7 31. Bxg7+ Ke7 32. Bh6+ Kd6 33. g7 Qf7 34.
g8=Q Rg4 35. Rxg4 1-0

[Event "RA Fall op"]
[Site "Ottawa CAN"]
[Date "2016.09.25"]
[Round "5"]
[White "Doubleday, William"]
[Black "Collins, Chris"]
[Result "1-0"]
[WhiteElo "2028"]
[BlackElo "2075"]
[PlyCount "91"]
[EventDate "2016.09.21"]
[EventType "swiss"]
[EventRounds "5"]
[EventCountry "CAN"]

1. d4 Nf6 2. c4 g6 3. Nc3 Bg7 4. e4 d6 5. Nf3 O-O 6. Be2 e5 7. d5 Nbd7 8. O-O
Nc5 9. Qc2 a5 10. Bg5 h6 11. Bh4 g5 12. Bg3 Nh5 13. Ne1 Nf4 14. Nd3 b6 15. Nxc5
bxc5 16. Bd3 Bd7 17. f3 Kh8 18. a4 Rb8 19. Nb5 c6 20. dxc6 Bxc6 21. Rfd1 Ne6
22. Bf2 Bxb5 23. cxb5 Nd4 24. Bxd4 exd4 25. Rf1 Be5 26. g3 Rg8 27. Kh1 Rc8 28.
Qc4 Qd7 29. Rf2 Qe6 30. b3 Qxc4 31. bxc4 Rb8 32. f4 gxf4 33. gxf4 Bf6 34. Rg1
Rxg1+ 35. Kxg1 Kg7 36. Rg2+ Kf8 37. Kf2 Bd8 38. Kf3 Bb6 39. Kg4 Ke7 40. Kf5 Rh8
41. h4 Bd8 42. h5 Bb6 43. e5 dxe5 44. fxe5 Bc7 45. Be4 Bb6 46. Bd5 1-0

[Event "RA Fall op"]
[Site "Ottawa CAN"]
[Date "2016.09.25"]
[Round "5"]
[White "Gordon, David"]
[Black "Valdizon, Armando"]
[Result "0-1"]
[WhiteElo "2237"]
[BlackElo "2102"]
[PlyCount "58"]
[EventDate "2016.09.21"]
[EventType "swiss"]
[EventRounds "5"]
[EventCountry "CAN"]

1. d4 d5 2. Bf4 c5 3. e4 dxe4 4. d5 Nf6 5. Nc3 a6 6. a4 g6 7. Bc4 Bg7 8. Nge2
Nbd7 9. d6 e5 10. Bg5 h6 11. Nd5 O-O 12. h4 Nb6 13. Ne7+ Kh7 14. Ba2 Bg4 15.
Qd2 hxg5 16. hxg5+ Nh5 17. Ng3 Nc8 18. Nxh5 gxh5 19. f3 Nxd6 20. fxg4 Qxe7 21.
O-O-O Rad8 22. Rxh5+ Kg8 23. g6 c4 24. Rdh1 fxg6 25. Rh7 b5 26. axb5 axb5 27.
Qd5+ Qf7 28. Qc5 Qf4+ 29. Kb1 Nb7 0-1

[Event "RA Winter op"]
[Site "Ottawa CAN"]
[Date "2016.01.08"]
[Round "1"]
[White "Donev, Danail"]
[Black "Pacey, Kevin"]
[Result "0-1"]
[WhiteElo "1945"]
[BlackElo "2161"]
[PlyCount "52"]
[EventDate "2016.01.08"]
[EventType "swiss"]
[EventRounds "5"]
[EventCountry "CAN"]

1. e4 d6 2. d4 Nf6 3. Nc3 g6 4. f4 Bg7 5. Nf3 c5 6. Bb5+ Bd7 7. Qe2 cxd4 8.
Bxd7+ Qxd7 9. Nxd4 O-O 10. O-O Ng4 11. Nf3 Nc6 12. h3 Nf6 13. Be3 Nh5 14. Kh2
e5 15. fxe5 Nxe5 16. g4 Nxf3+ 17. Qxf3 Be5+ 18. Kg1 Ng3 19. Rf2 f5 20. exf5
gxf5 21. Qd5+ Kh8 22. Rd1 Qg7 23. Rg2 fxg4 24. hxg4 Qxg4 25. Rd4 Rf1+ 26. Kh2
Rh1# 0-1

[Event "RA Winter op"]
[Site "Ottawa CAN"]
[Date "2016.01.08"]
[Round "1"]
[White "Groot-Lipman, Jeff"]
[Black "Doubleday, William"]
[Result "0-1"]
[WhiteElo "2003"]
[BlackElo "2028"]
[PlyCount "102"]
[EventDate "2016.01.08"]
[EventType "swiss"]
[EventRounds "5"]
[EventCountry "CAN"]

1. e4 c5 2. c3 Nf6 3. e5 Nd5 4. d4 cxd4 5. cxd4 d6 6. exd6 e6 7. Bb5+ Bd7 8.
Bxd7+ Nxd7 9. Nf3 Bxd6 10. O-O O-O 11. Nc3 Nxc3 12. bxc3 Nb6 13. Qd3 Be7 14. a4
Rc8 15. Ba3 Bxa3 16. Rxa3 Nc4 17. Ra2 h6 18. Re1 Qd5 19. Raa1 Rfd8 20. Nd2 b6
21. Nxc4 Qxc4 22. Qxc4 Rxc4 23. Ra3 Rdc8 24. Rc1 Rxd4 25. Kf1 Rdc4 26. a5 b5
27. a6 b4 28. Rb3 Rxc3 29. Rbxc3 bxc3 30. Ke2 Rc6 31. Kd3 Rxa6 32. Rxc3 Ra2 33.
Ke3 Kh7 34. Rc5 Kg6 35. Rb5 f5 36. g3 Kf6 37. Rc5 a5 38. h4 g5 39. hxg5+ hxg5
40. Rb5 g4 41. Rc5 Ra3+ 42. Ke2 Ra4 43. Rb5 Re4+ 44. Kf1 a4 45. Ra5 Ke7 46. Rc5
Kd6 47. Rc3 Kd5 48. Rc8 Rc4 49. Rd8+ Kc5 50. Re8 a3 51. Ra8 Kb4 0-1

[Event "RA Winter op"]
[Site "Ottawa CAN"]
[Date "2016.01.08"]
[Round "1"]
[White "Wiebe, Isaac"]
[Black "Demchenko, Svitlana"]
[Result "1/2-1/2"]
[WhiteElo "2171"]
[BlackElo "2003"]
[PlyCount "91"]
[EventDate "2016.01.08"]
[EventType "swiss"]
[EventRounds "5"]
[EventCountry "CAN"]

1. e4 Nf6 2. Nc3 d5 3. exd5 Nxd5 4. Nf3 Bg4 5. Be2 e6 6. O-O Be7 7. Nxd5 Qxd5
8. d4 O-O 9. Be3 Bf6 10. c4 Qd6 11. h3 Bh5 12. Qd2 Bxf3 13. Bxf3 Nc6 14. Bxc6
Qxc6 15. Rac1 Rfd8 16. Rfd1 Rd7 17. d5 Qa6 18. b3 exd5 19. cxd5 Rad8 20. Qc2
Be5 21. Qf5 Bd6 22. a4 Qa5 23. Rc4 c6 24. Bg5 Be7 25. Bxe7 Rxe7 26. Rh4 g6 27.
Qg5 Rxd5 28. Rxd5 Re1+ 29. Kh2 Qxd5 30. Qxd5 cxd5 31. Rd4 Re5 32. f4 Re4 33.
Rxd5 Rxf4 34. Rb5 b6 35. b4 Kf8 36. Kg3 Rd4 37. a5 Rd6 38. Kf4 f6 39. g4 Kf7
40. g5 Rc6 41. gxf6 Kxf6 42. Ke4 Ke6 43. Re5+ Kd6 44. Rd5+ Ke6 45. Re5+ Kd6 46.
Rd5+ 1/2-1/2

[Event "RA Winter op"]
[Site "Ottawa CAN"]
[Date "2016.01.09"]
[Round "2"]
[White "Cova, Ramon"]
[Black "Wiebe, Isaac"]
[Result "0-1"]
[WhiteElo "2085"]
[BlackElo "2171"]
[PlyCount "44"]
[EventDate "2016.01.08"]
[EventType "swiss"]
[EventRounds "5"]
[EventCountry "CAN"]

1. e4 c5 2. Nc3 e6 3. f4 Nc6 4. Nf3 a6 5. d3 d5 6. Qe2 Nf6 7. e5 Nd7 8. g3 b5
9. Bg2 Be7 10. O-O O-O 11. Bd2 Bb7 12. Rae1 Rc8 13. f5 Nd4 14. Nxd4 cxd4 15.
Nb1 Rxc2 16. fxe6 fxe6 17. Qg4 Kh8 18. b4 Qb6 19. Bh3 Rxf1+ 20. Rxf1 Nxe5 21.
Qf4 Ng6 22. Qb8+ Rc8 0-1

[Event "RA Winter op"]
[Site "Ottawa CAN"]
[Date "2016.01.09"]
[Round "2"]
[White "Demchenko, Svitlana"]
[Black "De Kerpel, Stijn"]
[Result "1/2-1/2"]
[WhiteElo "2003"]
[BlackElo "2170"]
[PlyCount "52"]
[EventDate "2016.01.08"]
[EventType "swiss"]
[EventRounds "5"]
[EventCountry "CAN"]

1. e4 e6 2. d4 d5 3. Nd2 Nc6 4. c3 dxe4 5. Nxe4 Nf6 6. Bd3 e5 7. Nxf6+ Qxf6 8.
d5 Nb8 9. Nf3 h6 10. O-O Bd6 11. Re1 Kd8 12. Qc2 g6 13. c4 b6 14. b3 Bf5 15.
Bb2 Nd7 16. Re3 Re8 17. Rae1 Bxd3 18. Qxd3 Qg7 19. Qe2 f6 20. Nd4 Kc8 21. Ne6
Qf7 22. a3 a5 23. Kh1 Kb7 24. a4 Rg8 25. Rc1 Nc5 26. Nxc5+ Bxc5 1/2-1/2

[Event "RA Winter op"]
[Site "Ottawa CAN"]
[Date "2016.01.09"]
[Round "2"]
[White "Pacey, Kevin"]
[Black "Sadeghi, Saeid"]
[Result "1/2-1/2"]
[WhiteElo "2161"]
[BlackElo "2098"]
[PlyCount "75"]
[EventDate "2016.01.08"]
[EventType "swiss"]
[EventRounds "5"]
[EventCountry "CAN"]

1. e4 c5 2. Nc3 Nc6 3. g3 d6 4. Bg2 g6 5. d3 Bg7 6. Nd5 e6 7. Ne3 Nge7 8. f4 e5
9. Nf3 O-O 10. O-O f5 11. fxe5 Nxe5 12. Nxe5 Bxe5 13. exf5 Nxf5 14. Nxf5 Rxf5
15. Rxf5 gxf5 16. Bd5+ Kh8 17. Qh5 Bd7 18. c3 Rb8 19. Bg5 Bf6 20. Bxf6+ Qxf6
21. Re1 Qg6 22. Qxg6 hxg6 23. Re7 Bc6 24. Bxc6 bxc6 25. b3 d5 26. Rxa7 c4 27.
dxc4 dxc4 28. bxc4 Rb1+ 29. Kg2 Rc1 30. Ra6 Kg7 31. c5 Rxc3 32. Rxc6 Rc2+ 33.
Kf3 Rxa2 34. h4 Ra3+ 35. Kf4 Ra4+ 36. Kf3 Ra3+ 37. Kf4 Ra4+ 38. Kf3 1/2-1/2

[Event "RA Winter op"]
[Site "Ottawa CAN"]
[Date "2016.01.09"]
[Round "2"]
[White "Yao, Sammy"]
[Black "Groot-Lipman, Jeff"]
[Result "1-0"]
[WhiteElo "2083"]
[BlackElo "2003"]
[PlyCount "75"]
[EventDate "2016.01.08"]
[EventType "swiss"]
[EventRounds "5"]
[EventCountry "CAN"]

1. c4 f5 2. g3 e6 3. Bg2 Nf6 4. Nc3 Be7 5. d3 O-O 6. e4 fxe4 7. dxe4 e5 8. Nge2
d6 9. O-O Nc6 10. Nd5 Bd7 11. h3 Rc8 12. Be3 Qe8 13. Nec3 a6 14. c5 Kh8 15.
Nxc7 Rxc7 16. cxd6 Bxd6 17. Qxd6 Rc8 18. Rad1 Qh5 19. h4 Qf7 20. Nd5 Be6 21.
Bb6 Nd7 22. Be3 Nf6 23. Nxf6 gxf6 24. b3 Rfd8 25. Qa3 Nd4 26. Bxd4 exd4 27. Qb2
d3 28. Rd2 Rc7 29. Rfd1 Rcd7 30. Qb1 Rc7 31. Rxd3 Rxd3 32. Qxd3 Kg7 33. Qe2 Bd7
34. e5 f5 35. Bd5 Be6 36. Bxe6 Qxe6 37. Rd6 Qe7 38. Qh5 1-0

[Event "RA Winter op"]
[Site "Ottawa CAN"]
[Date "2016.01.09"]
[Round "3"]
[White "De Kerpel, Stijn"]
[Black "Wiebe, Isaac"]
[Result "1-0"]
[WhiteElo "2170"]
[BlackElo "2171"]
[PlyCount "81"]
[EventDate "2016.01.08"]
[EventType "swiss"]
[EventRounds "5"]
[EventCountry "CAN"]

1. c4 e5 2. Nc3 Nc6 3. Nf3 Nf6 4. d4 exd4 5. Nxd4 Bc5 6. Nxc6 bxc6 7. g3 Ba6 8.
Qa4 Bb7 9. Bg2 O-O 10. O-O Re8 11. Bg5 h6 12. Bxf6 Qxf6 13. Rad1 d5 14. cxd5
cxd5 15. Nxd5 Bxd5 16. Bxd5 Rab8 17. e3 Re7 18. Qc2 Bd6 19. b3 Bb4 20. Rd4 c5
21. Rf4 Qc3 22. Qg6 Rf8 23. Rd1 Qe5 24. Bc4 Qg5 25. Qd6 Rb7 26. h4 Qe7 27. Qd5
Kh8 28. Qh5 Kh7 29. Qd5 Kh8 30. Kg2 Rc7 31. Qf3 Bc3 32. Rf5 g6 33. Rfd5 Re8 34.
Bd3 Bg7 35. h5 Qe6 36. Bb5 Ree7 37. hxg6 fxg6 38. Rd8+ Kh7 39. Bc4 Qf6 40. Bg8+
Kh8 41. Qa8 1-0

[Event "RA Winter op"]
[Site "Ottawa CAN"]
[Date "2016.01.09"]
[Round "3"]
[White "Demchenko, Svitlana"]
[Black "Yao, Sammy"]
[Result "1/2-1/2"]
[WhiteElo "2003"]
[BlackElo "2083"]
[PlyCount "88"]
[EventDate "2016.01.08"]
[EventType "swiss"]
[EventRounds "5"]
[EventCountry "CAN"]

1. d4 d6 2. e4 g6 3. Nf3 Bg7 4. Nc3 a6 5. Be3 b5 6. a3 Bb7 7. Bd3 Nd7 8. Qd2 h6
9. O-O c5 10. Rad1 cxd4 11. Nxd4 Ngf6 12. f4 Ng4 13. Nb3 Nxe3 14. Qxe3 O-O 15.
Kh1 Qc7 16. Be2 h5 17. Nd2 Rac8 18. Ndb1 Nc5 19. Rf3 f5 20. Rg3 Nxe4 21. Rxg6
Qc5 22. Qxc5 Rxc5 23. Kg1 h4 24. Bh5 Rf6 25. Rxf6 Bxf6 26. Re1 Kf8 27. Bf3 Nxc3
28. Bxb7 Nxb1 29. Rxb1 Rxc2 30. Bxa6 Bxb2 31. Bxb5 Bxa3 32. Bd3 Rc1+ 33. Rxc1
Bxc1 34. g3 hxg3 35. hxg3 e6 36. Kf2 Ke7 37. Kf3 Kf6 38. g4 fxg4+ 39. Kxg4 d5
40. Bc2 Ke7 41. Bd3 Kd6 42. Bg6 d4 43. Bc2 Kc5 44. Bb3 Kd6 1/2-1/2

[Event "RA Winter op"]
[Site "Ottawa CAN"]
[Date "2016.01.09"]
[Round "3"]
[White "Donev, Danail"]
[Black "Doubleday, William"]
[Result "1/2-1/2"]
[WhiteElo "1945"]
[BlackElo "2028"]
[PlyCount "152"]
[EventDate "2016.01.08"]
[EventType "swiss"]
[EventRounds "5"]
[EventCountry "CAN"]

1. c4 e6 2. e4 c5 3. Nc3 Nc6 4. Nf3 a6 5. g3 d6 6. Bg2 Nf6 7. O-O Be7 8. d4
cxd4 9. Nxd4 Qb6 10. Nxc6 bxc6 11. b3 O-O 12. Be3 Qc7 13. Na4 Rb8 14. f4 Rd8
15. Qe2 e5 16. h3 Nd7 17. Rac1 Re8 18. Qf2 f6 19. c5 dxc5 20. Nxc5 Nxc5 21.
Bxc5 Bxc5 22. Qxc5 Bb7 23. Rfd1 Rbd8 24. f5 Rd4 25. Rxd4 exd4 26. Qc4+ Kh8 27.
Qxd4 Qxg3 28. Rd1 Bc8 29. Qd8 Rg8 30. Qd6 Qe3+ 31. Kh1 c5 32. Qd2 Qg3 33. Qd5
Qc3 34. a4 h6 35. Qd3 Qb2 36. Rd2 Qc1+ 37. Kh2 Bb7 38. Rc2 Qa3 39. Rc4 Ba8 40.
Qc2 Kh7 41. Rxc5 Rb8 42. Rc3 Qd6+ 43. Kh1 a5 44. Qd3 Qe5 45. Qg3 Bxe4 46. Qxe5
Bxg2+ 47. Kxg2 fxe5 48. Rc5 e4 49. Rb5 Ra8 50. Kf2 g6 51. fxg6+ Kxg6 52. Ke3
Ra6 53. Kxe4 h5 54. h4 Re6+ 55. Kd5 Kf5 56. Kc4+ Kg4 57. Rxa5 Kxh4 58. Rd5 Kg4
59. Rd8 h4 60. Rh8 h3 61. a5 Kg3 62. b4 Re4+ 63. Kc5 Rh4 64. Rd8 h2 65. Rd1
Rh5+ 66. Kb6 Rh6+ 67. Kb5 Rh5+ 68. Ka4 h1=Q 69. Rxh1 Rxh1 70. a6 Kf4 71. Kb5
Ra1 72. Kb6 Ke5 73. a7 Kd5 74. Kb7 Kc4 75. a8=Q Rxa8 76. Kxa8 Kxb4 1/2-1/2

[Event "RA Winter op"]
[Site "Ottawa CAN"]
[Date "2016.01.09"]
[Round "4"]
[White "Doubleday, William"]
[Black "Demchenko, Svitlana"]
[Result "1/2-1/2"]
[WhiteElo "2028"]
[BlackElo "2003"]
[PlyCount "69"]
[EventDate "2016.01.08"]
[EventType "swiss"]
[EventRounds "5"]
[EventCountry "CAN"]

1. d4 d5 2. c4 c6 3. e3 Nf6 4. Nc3 e6 5. Nf3 Nbd7 6. Qc2 Bd6 7. Bd3 O-O 8. O-O
Qe7 9. b3 dxc4 10. Bxc4 e5 11. dxe5 Nxe5 12. Be2 Bg4 13. Bb2 Bxf3 14. gxf3 Qe6
15. Ne4 Nxe4 16. Qxe4 Rfe8 17. f4 Nd7 18. Qxe6 Rxe6 19. Rfd1 Nb6 20. Bf3 Be7
21. Rd3 Rd6 22. Rxd6 Bxd6 23. Rd1 Be7 24. Kf1 Rd8 25. Rxd8+ Bxd8 26. Ke2 Kf8
27. Bd4 g6 28. Kd3 f5 29. h3 Kf7 30. Be5 Bh4 31. Ke2 Nd7 32. Bd4 a6 33. Bg2 Nf6
34. Be5 Ke6 35. Bxf6 1/2-1/2

[Event "RA Winter op"]
[Site "Ottawa CAN"]
[Date "2016.01.09"]
[Round "4"]
[White "Pacey, Kevin"]
[Black "De Kerpel, Stijn"]
[Result "1-0"]
[WhiteElo "2161"]
[BlackElo "2170"]
[PlyCount "61"]
[EventDate "2016.01.08"]
[EventType "swiss"]
[EventRounds "5"]
[EventCountry "CAN"]

1. Nf3 Nf6 2. c4 e6 3. g3 d5 4. b3 c5 5. Bg2 Nc6 6. O-O Be7 7. Bb2 O-O 8. e3 d4
9. exd4 cxd4 10. d3 e5 11. a3 a5 12. Re1 Bd6 13. Bc1 h6 14. Qe2 Re8 15. Nbd2
Bf5 16. Nh4 Bh7 17. Ne4 Bf8 18. Nxf6+ Qxf6 19. Be4 g6 20. Rb1 Qd6 21. Bd5 Qf6
22. Nf3 Bg7 23. b4 axb4 24. axb4 g5 25. b5 Na5 26. Nxd4 Bxd3 27. Qxd3 exd4 28.
Bd2 Rxe1+ 29. Rxe1 Bf8 30. Ra1 Qb6 31. Qf5 1-0

[Event "RA Winter op"]
[Site "Ottawa CAN"]
[Date "2016.01.10"]
[Round "4"]
[White "Yao, Sammy"]
[Black "Echavarria-Hidalgo, Fernando"]
[Result "1-0"]
[WhiteElo "2083"]
[BlackElo "1724"]
[PlyCount "79"]
[EventDate "2016.01.08"]
[EventType "swiss"]
[EventRounds "5"]
[EventCountry "CAN"]

1. c4 Nf6 2. g3 c5 3. Bg2 Nc6 4. Nc3 d6 5. d3 g6 6. e4 Bg7 7. Nge2 O-O 8. O-O
Bd7 9. h3 Qc8 10. Kh2 Rb8 11. Nd5 Nxd5 12. cxd5 Nd8 13. Bg5 f6 14. Be3 Nf7 15.
f4 f5 16. Qd2 b5 17. Rac1 b4 18. e5 Bb5 19. Nd4 Qa6 20. Nxb5 Rxb5 21. b3 Rc8
22. d4 Ra5 23. dxc5 dxc5 24. Rf2 Qb6 25. Bf1 Nd8 26. Bc4 Kh8 27. d6 e6 28. Rd1
Bf8 29. Qe2 Qb7 30. g4 Qd7 31. gxf5 exf5 32. e6 Nxe6 33. Bxe6 Qd8 34. Bxc8 Qxc8
35. d7 Qd8 36. Bxc5 Rxa2 37. Qxa2 Bxc5 38. Qb2+ Kg8 39. Re2 Be7 40. Rxe7 1-0

[Event "RA Winter op"]
[Site "Ottawa CAN"]
[Date "2016.01.10"]
[Round "5"]
[White "Demchenko, Svitlana"]
[Black "Sadeghi, Saeid"]
[Result "1/2-1/2"]
[WhiteElo "2003"]
[BlackElo "2098"]
[PlyCount "70"]
[EventDate "2016.01.08"]
[EventType "swiss"]
[EventRounds "5"]
[EventCountry "CAN"]

1. d4 d5 2. Nf3 Nf6 3. Bf4 c6 4. e3 Bf5 5. Nbd2 e6 6. Be2 Bd6 7. Bg3 O-O 8. c3
c5 9. O-O Nc6 10. Ne5 Qe7 11. f4 Ne4 12. Nxe4 Bxe4 13. Bd3 Bxd3 14. Qxd3 f6 15.
Nxc6 bxc6 16. Kh1 c4 17. Qc2 e5 18. Rae1 Qc7 19. fxe5 fxe5 20. e4 exd4 21. Bxd6
Rxf1+ 22. Rxf1 Qxd6 23. cxd4 Qg6 24. Rc1 Rf8 25. Kg1 dxe4 26. Qxc4+ Kh8 27.
Qxc6 Qg5 28. Qc3 e3 29. Re1 Re8 30. Qc6 Qe7 31. d5 Qf8 32. Rf1 Qe7 33. Re1 e2
34. Qc3 h6 35. h3 Qd6 1/2-1/2

[Event "RA Winter op U1900"]
[Site "Ottawa CAN"]
[Date "2016.01.08"]
[Round "1"]
[White "Danilov, Alex"]
[Black "Laurin, Marcel"]
[Result "0-1"]
[WhiteElo "1853"]
[BlackElo "1723"]
[PlyCount "106"]
[EventDate "2016.01.08"]
[EventType "swiss"]
[EventRounds "5"]
[EventCountry "CAN"]

1. Nf3 Nc6 2. c4 e5 3. Nc3 Nf6 4. g3 h6 5. d3 a6 6. Bg2 Bc5 7. O-O d6 8. e3 Bg4
9. a3 Ne7 10. Qb3 Rb8 11. Qc2 c6 12. b4 Ba7 13. c5 Bxf3 14. Bxf3 dxc5 15. bxc5
Bxc5 16. d4 exd4 17. exd4 Bd6 18. Bb2 O-O 19. Rad1 Ned5 20. Qb3 Bc7 21. Rfe1
Nxc3 22. Qxc3 Ba5 23. Qd3 Bxe1 24. Rxe1 Re8 25. Rd1 Nd5 26. Be4 Re6 27. Bf5 Rf6
28. Re1 g6 29. Bg4 h5 30. Bh3 Qf8 31. Qe4 Rd8 32. Bc1 Nc7 33. Qh4 Rfd6 34. Bb2
Re8 35. Rd1 Re2 36. Bc1 Qe7 37. Qxe7 Rxe7 38. Bf4 Nb5 39. Bxd6 Nxd6 40. d5 c5
41. Kf1 f5 42. Bg2 b5 43. Bf3 Kf7 44. Be2 c4 45. Ke1 Ne4 46. d6 Rd7 47. f3 Nc3
48. Rc1 Nxe2 49. Kxe2 Rxd6 50. a4 Ke6 51. axb5 axb5 52. Rb1 Rd5 53. h3 Kd6 0-1

[Event "RA Winter op U1900"]
[Site "Ottawa CAN"]
[Date "2016.01.09"]
[Round "2"]
[White "Laurin, Marcel"]
[Black "Girouard, Michel"]
[Result "1-0"]
[WhiteElo "1723"]
[BlackElo "1832"]
[PlyCount "51"]
[EventDate "2016.01.08"]
[EventType "swiss"]
[EventRounds "5"]
[EventCountry "CAN"]

1. d4 d5 2. Bf4 Nf6 3. h3 e6 4. Nf3 Be7 5. e3 b6 6. Bd3 Bb7 7. a3 O-O 8. Nbd2
Nbd7 9. Ng5 c5 10. c3 h6 11. h4 Qc8 12. Rc1 Bc6 13. Ndf3 Ne4 14. Ne5 Ndf6 15.
f3 Nd6 16. Qc2 c4 17. Bh7+ Kh8 18. Ngxf7+ Rxf7 19. Ng6+ Kxh7 20. Nxe7+ Kh8 21.
Nxc8 Nxc8 22. g4 Ne7 23. h5 Nh7 24. Rh3 Raf8 25. Qg2 Bb7 26. Ke2 1-0

[Event "RA Winter op U1900"]
[Site "Ottawa CAN"]
[Date "2016.01.09"]
[Round "3"]
[White "Laurin, Marcel"]
[Black "Kuryliw, Ray"]
[Result "0-1"]
[WhiteElo "1723"]
[BlackElo "1838"]
[PlyCount "62"]
[EventDate "2016.01.08"]
[EventType "swiss"]
[EventRounds "5"]
[EventCountry "CAN"]

1. d4 d5 2. Bf4 Nf6 3. Nf3 c6 4. h3 Bf5 5. e3 h6 6. Bd3 Bxd3 7. Qxd3 Nbd7 8.
Nbd2 e6 9. O-O Be7 10. Rfe1 O-O 11. e4 dxe4 12. Nxe4 Nxe4 13. Rxe4 Nf6 14. Re2
Qb6 15. c3 Rfd8 16. Rae1 Rac8 17. Rxe6 fxe6 18. Qg6 Bf8 19. Bxh6 Qc7 20. Ne5
Re8 21. Bg5 Nh7 22. Re4 Nxg5 23. Rh4 Be7 24. Rg4 Bf6 25. f4 Bxe5 26. dxe5 Nxh3+
27. gxh3 Qf7 28. Qg5 Rc7 29. Rh4 Qf5 30. Qg3 Rd7 31. Rg4 Rd1+ 0-1

[Event "RA Winter op U1900"]
[Site "Ottawa CAN"]
[Date "2016.01.09"]
[Round "4"]
[White "Balazadeh, Kamal"]
[Black "Laurin, Marcel"]
[Result "1-0"]
[WhiteElo "1720"]
[BlackElo "1723"]
[PlyCount "69"]
[EventDate "2016.01.08"]
[EventType "swiss"]
[EventRounds "5"]
[EventCountry "CAN"]

1. e4 b6 2. d4 Bb7 3. Nc3 e6 4. a3 a6 5. Nf3 h6 6. Be3 d6 7. Qd2 Ne7 8. Bc4 Nd7
9. O-O-O b5 10. Bb3 Nb6 11. d5 e5 12. Bxb6 cxb6 13. Nxe5 dxe5 14. d6 Qd7 15.
dxe7 Qxd2+ 16. Rxd2 Bxe7 17. Kb1 Rd8 18. Bd5 O-O 19. Rhd1 Bg5 20. Bxf7+ Kxf7
21. Rd7+ Kg8 22. Rxb7 Rxd1+ 23. Nxd1 Rd8 24. Nc3 Rd2 25. Rxb6 Rxf2 26. h4 Bxh4
27. Rxa6 Rxg2 28. Nxb5 Re2 29. Nc3 Re1+ 30. Ka2 Bg5 31. b4 Be3 32. b5 Bd4 33.
Kb3 Bxc3 34. Kxc3 Rxe4 35. b6 1-0

[Event "Rentree-A"]
[Site "Gatineau CAN"]
[Date "2016.09.13"]
[Round "1"]
[White "Arsenault, Michel"]
[Black "Raymond, Daniel"]
[Result "1-0"]
[WhiteElo "1869"]
[BlackElo "1741"]
[PlyCount "97"]
[EventDate "2016.09.13"]
[EventType "swiss"]
[EventRounds "5"]
[EventCountry "CAN"]

1. c4 c5 2. g3 g6 3. Bg2 Bg7 4. Nf3 Nf6 5. Nc3 Nc6 6. O-O O-O 7. a3 d6 8. d3
Rb8 9. Rb1 Bd7 10. b4 a6 11. bxc5 dxc5 12. Bf4 Rc8 13. Rxb7 Qa5 14. Nd5 Nxd5
15. cxd5 e5 16. Bd2 Qd8 17. dxc6 Bxc6 18. Rb1 Qd7 19. Qc1 Rfd8 20. Bc3 f6 21.
Nd2 Bxg2 22. Kxg2 Bh6 23. Rd1 c4 24. dxc4 Qc6+ 25. Kg1 Rd7 26. Qc2 Bxd2 27.
Rxd2 Rxd2 28. Bxd2 Qxc4 29. Qxc4+ Rxc4 30. Rc1 Rd4 31. Be3 Rd6 32. a4 f5 33.
Rb1 Rd8 34. Kf1 Rc8 35. Rb6 Ra8 36. Rb7 Kh8 37. Ke1 Kg8 38. f3 Rc8 39. a5 Ra8
40. Ra7 Rxa7 41. Bxa7 Kf7 42. e4 Ke6 43. Ke2 fxe4 44. fxe4 h5 45. h3 Kf6 46. h4
Ke6 47. Kd3 Kd6 48. Kc4 Kc6 49. Bb8 1-0

[Event "Rentree-A"]
[Site "Gatineau CAN"]
[Date "2016.09.13"]
[Round "1"]
[White "Desjardins, Michel"]
[Black "Jobin, Gilles G"]
[Result "1-0"]
[WhiteElo "1931"]
[BlackElo "1783"]
[PlyCount "103"]
[EventDate "2016.09.13"]
[EventType "swiss"]
[EventRounds "5"]
[EventCountry "CAN"]

1. e4 d6 2. d4 Nf6 3. Nc3 Nbd7 4. Nf3 e5 5. Bc4 Be7 6. O-O h6 7. Re1 c6 8. a4
a5 9. Bb3 Qc7 10. Qe2 Nf8 11. Qc4 Ne6 12. dxe5 dxe5 13. Nh4 O-O 14. Be3 Ng4 15.
Nf5 Nxe3 16. Rxe3 Nc5 17. Rg3 Bxf5 18. exf5 Nxb3 19. Qg4 Bg5 20. cxb3 f6 21.
Ne4 Rad8 22. Nc5 Rd4 23. Qf3 Rf4 24. Qe2 Qf7 25. Ne6 Re8 26. Qc2 Rb4 27. Rd1
Rxe6 28. fxe6 Qxe6 29. Rd8+ Kf7 30. Rgd3 f5 31. R8d6 Qe8 32. Qe2 Kf8 33. Qd1 e4
34. Rd8 exd3 35. Rxe8+ Kxe8 36. Qxd3 f4 37. Qg6+ Kf8 38. Qf5+ Bf6 39. Qc2 Kg8
40. f3 Bd4+ 41. Kf1 Be3 42. g3 fxg3 43. hxg3 Bg5 44. Qf5 Bf6 45. f4 Kf7 46. g4
g6 47. Qd7+ Be7 48. f5 Rxg4 49. Qe6+ Kf8 50. fxg6 Rf4+ 51. Ke2 Ke8 52. g7 1-0

[Event "Rentree-A"]
[Site "Gatineau CAN"]
[Date "2016.09.13"]
[Round "1"]
[White "Rose, Richard"]
[Black "Bastien, Andre"]
[Result "1/2-1/2"]
[WhiteElo "2042"]
[BlackElo "1840"]
[PlyCount "119"]
[EventDate "2016.09.13"]
[EventType "swiss"]
[EventRounds "5"]
[EventCountry "CAN"]

1. e4 c5 2. Nf3 d6 3. d4 cxd4 4. Nxd4 Nf6 5. Bd3 e6 6. O-O Be7 7. c4 a6 8. Nc3
Nc6 9. Be3 O-O 10. Qf3 Ne5 11. Qe2 Bd7 12. h3 Rc8 13. f4 Nxd3 14. Qxd3 e5 15.
Nde2 Qc7 16. b3 Bc6 17. Rac1 b6 18. Ng3 Rfd8 19. Nf5 Bf8 20. a4 Qb7 21. Nd5
Bxd5 22. cxd5 b5 23. a5 Rxc1 24. Rxc1 Rc8 25. Ng3 Rxc1+ 26. Bxc1 Qc7 27. Bd2
Qc5+ 28. Kh2 exf4 29. Bxf4 Qf2 30. Be3 Qe1 31. Bd2 Qd1 32. Qe3 Nd7 33. Nf5 Ne5
34. Bb4 Qa1 35. Nxd6 Nd7 36. Qf4 f6 37. Bd2 g5 38. Qg3 Qb2 39. Be1 Qe2 40. Bc3
h6 41. h4 Kh7 42. hxg5 fxg5 43. e5 Qh5+ 44. Qh3 Qxh3+ 45. Kxh3 Bxd6 46. exd6
Kg6 47. Kg4 h5+ 48. Kf3 h4 49. Bd4 Kf5 50. Bc3 g4+ 51. Ke3 h3 52. gxh3 gxh3 53.
Kf3 h2 54. Kg2 h1=Q+ 55. Kxh1 Ke4 56. Kg2 Kd3 57. Be1 Kd4 58. Kf3 Kxd5 59. Bb4
Ne5+ 60. Ke3 1/2-1/2

[Event "Rentree-A"]
[Site "Gatineau CAN"]
[Date "2016.09.13"]
[Round "1"]
[White "Scantland, Patrick"]
[Black "Laferriere, Bruno"]
[Result "0-1"]
[WhiteElo "1754"]
[BlackElo "1916"]
[PlyCount "69"]
[EventDate "2016.09.13"]
[EventType "swiss"]
[EventRounds "5"]
[EventCountry "CAN"]

1. d4 Nf6 2. Nf3 e6 3. c4 d5 4. Nc3 c6 5. cxd5 exd5 6. Qc2 Bd6 7. Bg5 h6 8.
Bxf6 Qxf6 9. Nxd5 Qe6 10. Nc3 Na6 11. a3 O-O 12. e3 b5 13. b4 Nc7 14. Bd3 a5
15. bxa5 Rxa5 16. a4 f5 17. O-O b4 18. Ne2 Ba6 19. Nc1 Ra8 20. Ne5 Bxe5 21.
dxe5 Rxe5 22. Bxa6 Nxa6 23. Nb3 c5 24. Rfd1 Rc8 25. Rac1 Rd5 26. Nd2 Rcd8 27.
Qc4 Nc7 28. Qe2 Qd7 29. Qc4 Kh7 30. Rc2 Qxa4 31. e4 fxe4 32. Qxe4+ Kh8 33. g4
Qd7 34. Qf4 Rd4 35. Qf5 0-1